| 000 | 00426nam a2200133Ia 4500 | ||
|---|---|---|---|
| 008 | 250506s9999 xx 000 0 und d | ||
| 024 | _a15B-020-BS, 15B-031-BS, 15B-041-BS & 15B-034-BS | ||
| 082 | _a004.3072 FIN | ||
| 100 | _aFinza Mughal, Ebad Akhter, Ebad Nasir & Sarim Qasmi | ||
| 245 | 0 | _aResource Pooling | |
| 260 |
_aKarachi: _bUIT, _c2015 |
||
| 600 | _aComputer Science | ||
| 650 | _aBachelor of Computer Science (BS) | ||
| 999 |
_c28879 _d28879 |
||